Letter Pattern: _A_A_E Quiz Stats

Quiz Updated Aug 15, 2012

Challenge
Share
Tweet
Embed
Score 0/18 Timer 04:00
1 Play Today
Clue Word % Correct
Procession with clowns and floatsParade
86.4%
Room for automobiles; 'car hole'Garage
84.5%
Martial art developed in OkinawaKarate
82.3%
Title for a married FrenchwomanMadame
79%
Roof of the mouthPalate
63.7%
Mexican dish, usually wrapped in corn husksTamale
58%
Oversee the operations of a companyManage
57.5%
Luxurious castlePalace
54.9%
Harm or injury to a propertyDamage
54%
Clue Word % Correct
To permanently leave a dwellingVacate
49.3%
Wine vesselCarafe
46.5%
Deceptive appearanceFacade
39.9%
Natural childbirth methodLamaze
34.4%
Uncivilized, brutishSavage
29.4%
Bread or cracker, served with a toppingCanape
22.5%
To wreak destructionRavage
18.8%
Surname of Bullwinkle femme NatashaFatale
15.9%
African capital, formerly SalisburyHarare
14.5%

You're not logged in!

Compare scores with friends on all Sporcle quizzes.
Sign Up with Email
OR
Log In

You Might Also Like...

Show Comments

Extras

Top Quizzes Today


Score Distribution

Your Account Isn't Verified!

In order to create a playlist on Sporcle, you need to verify the email address you used during registration. Go to your Sporcle Settings to finish the process.